| 000 | 00550nam a2200181 a 4500 | ||
|---|---|---|---|
| 001 | 000034358 | ||
| 005 | 20200930073645.0 | ||
| 008 | 111003s1997 es 000 0 spa d | ||
| 020 | _a8408021443 | ||
| 040 |
_aDO-SdBNP _bspa _cBNPHU |
||
| 100 | 1 |
_aVallejo-Nágera, Juan Antonio, _d1926-1990 _924143 |
|
| 245 | 1 | 0 |
_aLocos egregios / _cJuan Antonio Vallejo-Nágera. |
| 260 |
_aBarcelona : _bPlaneta, _c1997. _fLitorgrafías Rosés |
||
| 300 |
_a296 p. ; _c19 cm. |
||
| 500 | _aIncluye índice | ||
| 500 | _aIncluye biografía del autor | ||
| 049 | _aBNPD | ||
| 999 |
_c33849 _d33849 |
||